LEADER 01428nam0 22003131i 450 001 UON00074812 005 20250418092547.863 100 $a20020107d1895 |0itac50 ba 101 $aeng 102 $aGB 105 $a|||| ||||| 200 1 $aˆ[‰Aethiopica] An AEthiopian history written in Greek$fBy Heliodorus$genglished by Thomas Underdowne anno 1587$gwith an introduction by Charles Whibley 210 $aLondon$cDavid Nutt$d1895 215 $axxix, 290 p.$d21 cm 316 $a*Data inesatta$5IT-UONSI ETVIIG b/001* 410 1$1001UON00066754$12001 $aˆThe ‰Tudor translations$fEdited by W.E. Henley$v5 606 $aLetteratura Greca Classica$3UONC022769$2FI 620 $aGB$dLondon$3UONL003044 676 $a883.02$cNARRATIVA GRECA CLASSICA (periodo medievale e bizantino, 500 ca.-1600)$v21 700 0$aHELIODORUS$3UONV049135$0465080 702 1$aUNDERDOWNE$bThomas$3UONV049136 712 $aNutt$3UONV252327$4650 790 0$aELIODORO : di#Emesa$zHELIODORUS$3UONV049137 801 $aIT$bSOL$c20250516$gRICA 899 $aSIBA - SISTEMA BIBLIOTECARIO DI ATENEO$2UONSI 912 $aUON00074812 950 $aSIBA - SISTEMA BIBLIOTECARIO DI ATENEO$dSI VII G b 001* $eSI MR 62819 7 001* *Data inesatta 996 $aAethiopica An aethiopian history written in greek An aethiopian history written in greek$91164634 997 $aUNIOR LEADER 01977oas 2200829 a 450 001 9910146793703321 005 20251105213014.0 011 $a1549-6511 035 $a(DE-599)ZDB2067803-4 035 $a(OCoLC)54678528 035 $a(CONSER) 2004235692 035 $a(CKB)954925490875 035 $a(EXLCZ)99954925490875 100 $a20040311a19799999 sy a 101 0 $aeng 135 $aurcnu|||||||| 181 $ctxt$2rdacontent 182 $cc$2rdamedia 183 $acr$2rdacarrier 200 10$aAmerican journal of education 210 $aChicago, Ill. $cUniversity of Chicago Press$d1979- 215 $a1 online resource 300 $aRefereed/Peer-reviewed 300 $aTitle from title screen (JSTOR website, viewed Mar. 11, 2004). 311 08$a0195-6744 517 1 $aAJE 531 0 $aAm. j. educ. 606 $aEducation$vPeriodicals 606 $aE?ducation$vPe?riodiques 606 $aEducation$2fast$3(OCoLC)fst00902499 608 $aPeriodicals.$2fast 608 $aPeriodicals.$2lcgft 615 0$aEducation 615 6$aE?ducation 615 7$aEducation. 676 $a370/.5 712 02$aUniversity of Chicago.$bDepartment of Education, 801 0$bEYM 801 1$bEYM 801 2$bHUL 801 2$bNSD 801 2$bOCLCQ 801 2$bMUQ 801 2$bNSD 801 2$bOCLCQ 801 2$bWEA 801 2$bOCLCQ 801 2$bOCLCA 801 2$bOCLCQ 801 2$bOCLCA 801 2$bOCLCF 801 2$bOCLCO 801 2$bVT2 801 2$bOCLCQ 801 2$bDEBBG 801 2$bELW 801 2$bOCLCO 801 2$bNJT 801 2$bBWN 801 2$bCGU 801 2$bUBY 801 2$bOCLCO 801 2$bQGK 801 2$bOCLCQ 801 2$bREDDC 801 2$bCUS 801 2$bOCLCL 801 2$bOCLCQ 906 $aJOURNAL 912 $a9910146793703321 996 $aAmerican journal of education$9976752 997 $aUNINA